Country Quiz: Armenia 🇦🇲 - Statistics

General Stats
  • This quiz has been taken 44 times
  • The average score is 17 of 28
Answer Stats
Hint Answer % Correct
Language and Nationality Armenian
94%
Between 1915-1917, 300,000 and 1.5 million Armenians were either displaced or killed by this empire that also used to rule them Ottoman empire
94%
From 1922-1990s, Armenia was part of this union Soviet Union
94%
Bordering Countries Azerbaijan
89%
Georgia
89%
Capital Yerevan
89%
Time zones 1
86%
National Sport (involves thinking) Chess
86%
Main Religion and the first country to adopt this religion Christianity
86%
Turkey
86%
Iran
83%
Independence 1991
80%
During the 4th century, the first ______ in history was built in Armenia Church
74%
1/44 Countries to lack access to any ocean, otherwise known as... Landlocked
71%
Part of this transcontinental region that connects eastern Europe with southwestern Asia Caucasus
69%
National Animal Golden Eagle
54%
Between 1045-1071, Armenia was conquered by this historical empire Byzantine empire
51%
Ever since 1989, Armenia and Azerbaijan have fought over this disputed area Nagorno-Karabakh
51%
State-Condition Republic
51%
Currency Dram
40%
Second-Largest City Gyumri
40%
Main Lake Lake Sevan
40%
Between the 1230s-1335, Armenia was conquered by this empire Mongol empire
29%
Main Economic Sector Tertiary / Service
26%
Climate Continental
17%
National Dish Harissa
17%
Founding Father Manoukian
6%
Main Export Copper ore
3%
No matching quizzes found
Score Distribution
Percent of People with Each Score
Percentile by Number Answered
Your Score History
You have not taken this quiz